Country Flags - Easy - Statistics

General Stats
  • This quiz has been taken 461 times
  • The average score is 14 of 15
Answer Stats
Picture Answer % Correct
China
97%
France
97%
Germany
96%
Japan
96%
Spain
95%
UK
95%
Canada
94%
USA
94%
Brazil
93%
South Korea
92%
Russia
91%
India
88%
Argentina
84%
Turkey
84%
Indonesia
70%
No matching quizzes found
Score Distribution
Percent of People with Each Score
Percentile by Number Answered
Your Score History
You have not taken this quiz